000 00774nam a22001817a 4500
003 UA-OsUOA
001 12891
007 ta
008 20050530b un ||||| |||| 00| 0 ukr d
100 _aІсаєва Т.
942 _cSA
040 _aUA-OsUOA
_cUA-OsUOA
_dUA-OsUOA
245 _aЧервоній за область не червонів, а залишився задоволений
_b[У Рівному відкрилася міжнар. Агенція, що за підтримки ОБСЄ сприятиме залученню інвестицій та обслуговуванню інвесторів]
300 _aС.2
955 _a0
773 0 _w0
_tВісті Рівненщини
_dРівне
_d2005
_g№37/20 трав./
650 7 _aІнвестиції
_2UDC
999 _c299052
_d299052